| 000 | 01342nab a2200217 i 4500 | ||
|---|---|---|---|
| 001 | 768714001 | ||
| 003 | CO-MdFUSB | ||
| 005 | 20240609113830.0 | ||
| 008 | 240604t1977 ag ||||| |||| 00| 0 spa d | ||
| 040 |
_bspa _cCO-MdFUSB _dCO-MdFUSB |
||
| 041 | _aspa | ||
| 100 |
_aPadilla J., Washington, _eautor |
||
| 245 | 3 |
_aLa Psicopatología _c/ Washington Padilla |
|
| 520 | _aUn "descubrimiento" fascinante en psicopatología es el vínculo entre enfermedad y emoción. Hoy en día, esta rama de la psiquiatría puede asociar el miedo, la ansiedad o la culpa con enfermedades aparentemente puramente fisiológicas. Sin embargo, no siempre la ciencia moderna (¿o mejor los científicos?) ha aceptado esta relación. Muy al contrario, bajo la influencia, de la filosofía. Y para ello nadie es más competente, no sólo intelectualmente, sino también emocionalmente, que el cristiano que "aprendió a Cristo" tanto en términos de hombre como en su actitud desde el servicio hasta el sacrificio. | ||
| 650 | 7 |
_aPsicología _96973 |
|
| 650 | 7 |
_aReligión y ciencia _9259 |
|
| 650 | 7 |
_aHombres _xPsicología _97148 |
|
| 773 | 0 |
_069974 _982718 _dBuenos Aires _oR2610 _tCerteza _w(CO-MdFUSB)768714001 _gNúmero 68, (octubre - diciembre, 1977) páginas: 118 - 121 _qpágina: 118 |
|
| 942 | _cANA | ||
| 945 | _aCatherine Arias Álvarez - Practicante SENA | ||
| 999 |
_c70058 _d70058 |
||